Statistics for Guess Who? (English Personalities)

Click here to take the quiz!

General Stats

  • This quiz has been taken 44 times
  • The average score is 3 of 5

Answer Stats

Answer% Correct
Ed Sheeran
92%
Queen Elizabeth
92%
David Beckham
72%
Winston Churchill
58%
Charles Dickens
25%

Score Distribution

Percentile by Number Answered

Percent of People with Each Score

Your Score History

You have not taken this quiz